Dielo /

Hlavní autor: Zola, Émile, 1840-1902
Další autoři: Neman, Miroslav, 1926-2005
Jazyk: Slovenština
Vydáno: Bratislava : Smena, 1984
Vydání: 1. vyd.
Edice: Máj (Smena)
Fyzický popis: 324 s., obr. příl.: il.
Knihy
Uloženo v:
LEADER 00929nam a2200277 a 4500
001 000452313
003 CZ BrMZK
005 20100908123636.0
007 ta
008 990305s1984 xo af f slo d
040 |a BOA001  |b cze 
041 1 |a slo  |h fre 
080 9 |a 840-31=854  |2 MRF 
100 1 |a Zola, Émile,  |d 1840-1902  |7 jn19990009450  |4 aut 
245 1 0 |a Dielo /  |c Émile Zola ; z francúzskeho originála ... preložil Miroslav Neman ; doslov napísal Štefan Povchanič ; ilustroval Emil Bačík 
250 |a 1. vyd. 
260 |a Bratislava :  |b Smena,  |c 1984 
300 |a 324 s., obr. příl.:  |b il. 
490 1 |a Máj ;  |v zv. 440 
700 1 |a Neman, Miroslav,  |d 1926-2005  |7 jx20040622015  |4 trl 
765 0 |t L'Oeuvre  |9 Slovensky 
830 0 |a Máj (Smena)  |0 s 
910 |a BOA001  |b 2-0882.173 
990 |a BK 
991 |b 201005 
996 7 |b 2619749285  |c 2-0882.173  |l MZK  |r Sklad / do 1 hodiny  |n 9  |w 000452313  |u 000010  |a 1  |e BOA001  |j MZK50  |s A